Caricamento...

Science of the sea: Practical oceanography

Dettagli Bibliografici
Autore principale: Allen, E J
Natura: Printed Book
Pubblicazione: At The Clarendon Press 1928
Edizione:2
Soggetti:
LEADER 00522nam a2200193 4500
020
082 |a 551.46 ALL-S2 
100 |a Allen, E J 
245 |a Science of the sea: Practical oceanography 
250 |a 2 
260 |a At The Clarendon Press  |c 1928 
300 |a 502 
490
500
590 |a Vineesh  |b 2011-03-22 15:40:25 
650 |a Oceanography 
942 |c BK 
999 |c 93948  |d 93948 
952 |0 0  |1 0  |4 0  |6 551_460000000000000_ALLS2  |7 0  |9 107416  |a AQU  |b AQU  |l 0  |o 551.46 ALL-S2  |p AQU00029  |r 2019-09-25  |w 2019-09-25  |y BK